MARC details
| 000 -CABECERA |
| campo de control de longitud fija |
00826nam a2200205 a 4500 |
| 001 - NÚMERO DE CONTROL |
| campo de control |
000005342 |
| 005 - FECHA Y HORA DE LA ÚLTIMA TRANSACCIÓN |
| campo de control |
20200929151640.0 |
| 008 - DATOS DE LONGITUD FIJA--INFORMACIÓN GENERAL |
| campo de control de longitud fija |
090819s1985 sp abd 000 0 eng d |
| 020 ## - NÚMERO INTERNACIONAL ESTÁNDAR DEL LIBRO |
| Número Internacional Estándar del Libro |
840063937 |
| 040 ## - FUENTE DE LA CATALOGACIÓN |
| Centro catalogador/agencia de origen |
DO-SdBNP |
| Lengua de catalogación |
eng |
| Centro/agencia transcriptor |
BNPHU |
| 082 ## - NÚMERO DE LA CLASIFICACIÓN DECIMAL DEWEY |
| Número de clasificación |
155.5 |
| Número de documento/Ítem |
I61p |
| 049 ## - FONDOS LOCALES (OCLC) |
| Fondos de biblioteca |
BNPD |
| 111 2# - ENTRADA PRINCIPAL--NOMBRE DE CONGRESO/REUNIÓN |
| Nombre de congreso/reunión o jurisdicción como elemento de entrada |
International Symposium on Earth Tides |
| Número del congreso/reunión o número de parte o sección |
(10a : |
| Fecha del congreso/reunión |
1985 sept. 23-27 : |
| Sede del congreso/Lugar de la reunión |
Madrid ) |
| 9 (RLIN) |
15146 |
| 245 10 - MENCIÓN DE TÍTULO |
| Título |
Proceedings of the tenth international symposium on earth tides : |
| Resto del título |
(with special sessions dedicated to ocean tides) / |
| Mención de responsabilidad, etc. |
editor Ricardo Vieira. |
| 260 ## - PUBLICACIÓN, DISTRIBUCIÓN, ETC. |
| Lugar de publicación, distribución, etc. |
Madrid, : |
| Nombre del editor, distribuidor, etc. |
CSIC, |
| Fecha de publicación, distribución, etc. |
1985. |
| 300 ## - DESCRIPCIÓN FÍSICA |
| Extensión |
lv, 969 p. : |
| Otras características físicas |
il., maps. y diagrs. ; |
| Dimensiones |
25 cm. |
| 504 ## - NOTA DE BIBLIOGRAFÍA, ETC. |
| Nota de bibliografía, etc. |
Incluye referencias bibliográficas y notas al pie de las páginas |
| 700 1# - PUNTO DE ACCESO ADICIONAL--NOMBRE DE PERSONA |
| Nombre de persona |
Viera, Ricardo, |
| Término indicativo de función/relación |
ed. |
| 9 (RLIN) |
15147 |
| 710 1# - PUNTO DE ACCESO ADICIONAL--NOMBRE DE ENTIDAD CORPORATIVA |
| Nombre de entidad corporativa o nombre de jurisdicción como elemento de entrada |
Consejo Superior de Investigaciones Científicas |
| 9 (RLIN) |
4786 |